[Event "AUT-ch U10"]
[Site "St Veit"]
[Date "2023.05.28"]
[Round "5"]
[White "Sams, Daniel"]
[Black "Schernthaner, Tim"]
[Result "0-1"]
[WhiteElo "934"]
[BlackElo "1164"]
[PlyCount "102"]
[EventDate "2023.05.27"]
[EventType "swiss"]
[EventRounds "7"]
[EventCountry "AUT"]
[SourceTitle "CBM 214 Extra"]
[Source "ChessBase"]
[SourceDate "2023.07.31"]
[SourceVersion "1"]
[SourceVersionDate "2023.07.31"]
[SourceQuality "1"]

1. e4 c5 2. Nf3 e6 3. d4 cxd4 4. Nxd4 a6 5. Nc3 Qc7 6. Bd3 Nf6 7. 0-0 Be7 8. Bg5 b5 9. Re1 d6 10. Nf3 Bb7 11. Re3 0-0 12. e5 dxe5 13. Rxe5 Nbd7 14. Re1 Qc6 15. Be4 Nxe4 16. Nxe4 Bxg5 17. Nfxg5 f5 18. Nf6+ Nxf6 19. Qf3 Qxf3 20. gxf3 Rfe8 21. Nxe6 Rac8 22. c3 Bxf3 23. Re3 Bd5 24. Nf4 Rxe3 25. fxe3 Re8 26. Kf2 Ng4+ 27. Kg1 Bf7 28. Rd1 Rxe3 29. Kg2 Re4 30. Kg3 g5 31. Nh3 Re3+ 32. Kg2 h6 33. Rd6 Kg7 34. Rxa6 Bd5+ 35. Kf1 Rxh3 36. a4 b4 37. cxb4 Bc4+ 38. Kg2 Rxh2+ 39. Kf3 Bxa6 40. b5 Bxb5 41. axb5 Rxb2 42. b6 Rxb6 43. Ke2 Rb3 44. Kd2 h5 45. Kc2 Rg3 46. Kd2 h4 47. Ke2 h3 48. Kd2 h2 49. Ke2 h1Q 50. Kd2 Qh2+ 51. Ke1 Rg1# 0-1

[Event "AUT-ch U10"]
[Site "St Veit"]
[Date "2023.05.27"]
[Round "1"]
[White "Sams, Daniel"]
[Black "Chen, Chicheng Leon"]
[Result "0-1"]
[WhiteElo "934"]
[BlackElo "1384"]
[PlyCount "122"]
[EventDate "2023.05.27"]
[EventType "swiss"]
[EventRounds "7"]
[EventCountry "AUT"]
[SourceTitle "CBM 214 Extra"]
[Source "ChessBase"]
[SourceDate "2023.07.31"]
[SourceVersion "1"]
[SourceVersionDate "2023.07.31"]
[SourceQuality "1"]

1. e4 c5 2. Nf3 e6 3. d4 cxd4 4. Nxd4 Nf6 5. Nc3 Nc6 6. Ndb5 d6 7. Bf4 e5 8. Bg5 a6 9. Na3 b5 10. Nd5 Be7 11. Bxf6 Bxf6 12. c4 b4 13. Nc2 0-0 14. h4 Be6 15. Nce3 Rc8 16. g3 Nd4 17. Bh3 Bxd5 18. Bxc8 Bxe4 19. 0-0 Nf3+ 20. Kg2 Nxh4+ 21. Kh3 Qxc8+ 22. Qg4 Nf5 23. f3 Nxe3 24. Qxc8 Rxc8 25. Rfe1 Nc2 26. fxe4 Nxa1 27. Rxa1 Rxc4 28. Rd1 Be7 29. Re1 Rc2 30. Rb1 Re2 31. Kg4 Rxe4+ 32. Kf3 Rc4 33. b3 Rc3+ 34. Kg4 d5 35. Rd1 d4 36. Kf5 Bf6 37. g4 Rf3+ 38. Ke4 Rf4+ 39. Kd5 e4 40. Rc1 g5 41. Rc6 e3 42. Kc4 e2 43. Rc8+ Kg7 44. Re8 Rf2 45. Kd3 Kg6 46. Rxe2 Rxe2 47. Kxe2 h5 48. gxh5+ Kxh5 49. Kf2 g4 50. Ke2 g3 51. Kf3 d3 52. Ke3 g2 53. Kf2 d2 54. Ke2 d1Q+ 55. Kxd1 g1Q+ 56. Ke2 Bc3 57. a4 bxa3 58. b4 a2 59. Kd3 a1Q 60. b5 Qd4+ 61. Ke2 Qad1# 0-1